000
00260nam a22000977a 4500
999
_c
515772
_d
515772
082
_a
TNC G22x54 K151p
100
_a
Kashyap, Subhash C.
_9
21609
245
_a
Parliamentary wit and humour
_c
by Subhash C. Kashyap
260
_a
Delhi
_b
Shipra
_c
1992
300
_a
212p.